| 000 | 00499cam a22001577a 4500 | ||
|---|---|---|---|
| 008 | 180718b2011 xxu||||| |||| 00| 0 eng d | ||
| 020 | _a9780749460945 | ||
| 082 | _aI5372 C426 | ||
| 100 | _aCheung-Judge, Mee-Yan | ||
| 245 |
_aOrganizational development: a practitioner's guide for OD and HR _cby Mee-Yan Cheung-Judge and Linda Holbeche |
||
| 260 |
_aLondon _bKogan Page _c2011 |
||
| 300 | _a324p. | ||
| 650 | _aPersonnel management | ||
| 650 | _aOrganizational change | ||
| 700 | _aHolbeche, Linda | ||
| 999 |
_c442408 _d442408 |
||